000
00329nam a22001337a 4500
008
241130b |||||||| |||| 00| 0 eng d
022
_a
9770971757005
041
_a
Eng
245
_a
Dalal Street Investment Journal
260
_a
Investors India
_b
Mumbai
_c
2024
300
_a
66;. P.
856
_u
www.dsij.in
942
_c
SR
_s
1
999
_c
43149
_d
43149